000 00513nam a2200157 i 4500
001 69274
003 ES-MaACL
007 t|
008 040702s1942 sp ||||1| spa d
100 1 _aGarcía Ardura, Manuel.
_954178
245 1 0 _aProblemas gráficos y numéricos de gemoetría
_b: originales en su mayor parte /
_cpor Manuel García Ardura.
250 _a6ª ed. aum.
260 _aMadrid :
_b[s.n.,
_c1942] (
_fSobrinos de los Suc. de M. Minuesa)
300 _a345 p. ;
_c23 cm.
852 _aES-MaACL
_jB-9560
999 _c69274
_d69274